000 00286nam a22001217a 4500
008 9788178794075
040 _a17
100 _aKutty K.Dr.Suresh
245 _aResearch Methods in Physical education
260 _aNew Delhi
_bSports publication
_c14/10/2024
300 _a143
942 _c01
999 _c64433
_d64433